000 00309nam a2200109Ia 4500
008 200302s9999 xx 000 0 und d
100 _aJames Acret
245 _aArchitects and Engineers Their professional Responsibilities
260 _bMcgraw- hill International Book co.,
260 _c1977
300 _a449 P.,
999 _c1523
_d1523